LEADER 00998nam0-2200349---450- 001 990009283780403321 005 20130320114938.0 010 $a88-8302-172-X 035 $a000928378 035 $aFED01000928378 035 $a(Aleph)000928378FED01 035 $a000928378 100 $a20101123d2002----km-y0itay50------ba 101 0 $aita 102 $aIT 105 $aa---c---001yy 200 1 $a<>cittā balneari dell'Ottocento$fMaria Teresa Marsala 210 $aPalermo$cL'Epos$d2002 215 $a198 p.$cill.$d30 cm 225 1 $aTalismani$v9 610 0 $aStazioni balneari$aUrbanistica$aEuropa$aSec. 19. 676 $a711.4094$v22 700 1$aMarsala,$bMaria Teresa$f<1942- >$0434810 801 0$aIT$bUNINA$gRICA$2UNIMARC 901 $aBK 912 $a990009283780403321 952 $a30.778$b8727$fDARST 952 $a711.4 MAR 1$bD. Disc. stor. 13536$fFLFBC 959 $aDARST 959 $aFLFBC 996 $aCittā balneari dell'Ottocento$9769226 997 $aUNINA LEADER 01262cam0-22003251i-450 001 990000132650403321 005 20210108124321.0 035 $a000013265 035 $aFED01000013265 035 $a(Aleph)000013265FED01 035 $a000013265 100 $a20011111d1857----km-y0itay50------ba 101 0 $aita 102 $aIT 105 $ay-------001yy 200 1 $aNozioni teorico-pratiche su le consegne, riconsegne e bilanci secondo i metodi adottati in Lombardia$fopera di Antonio Cantalupi che fa seguito alla Scienza e la pratica per la stima delle proprietā stabili 210 $aMilano$cGalli e Omodei$d1857 215 $a216 p.$d26 cm 225 1 $aNuova biblioteca dell'ingegnere-architetto civile$v6 676 $a333.332 700 1$aCantalupi,$bAntonio$03130 801 0$aIT$bUNINA$gRICA$2UNIMARC 856 4 $zVisualizza la versione elettronica in Österreichische Nationalbibliothek$uhttp://digital.onb.ac.at/OnbViewer/viewer.faces?doc=ABO_%2BZ225120908$e20210108 901 $aBK 912 $a990000132650403321 952 $a13 AR 25 C 34$b9418$fFINBC 959 $aFINBC 996 $aNozioni teorico-pratiche su le consegne riconsegne e bilanci secondo i metodi adottati in Lombardia$9114040 997 $aUNINA DB $aING01